=LDR 00000nam 2200000 4500 =001 NUTBA000000000003030 =005 20140716134528.0 =006 =007 =008 =035 ##$$0010-071400000000218 =040 ##$$a Ind =082 ##$$a 646.72 =090 ##$$a 646.72$bKus m =100 ##$$a Kusumawardhani =245 ##$$a Miracle make-up$cReni kusumawardhani =250 ##$$a Cet. 2 =260 ##$$a Jakarta$bGramedia$c2009. =300 ##$$a 90 Hlm$bIlus$c21 cm. =850 ##$$a NBPDMAT =990 ##$$a 21103122 =990 ##$$a 21400613/BPAP-NTB/20142014 =990 ##$$a 0001/BPAP-NTB/2016 =990 ##$$a 0001/BPAP-NTB/2016 =990 ##$$a 0001/BPAP-NTB/2016 =990 ##$$a 21400613/BPAP-NTB/20142014 =990 ##$$a 0001/BPAP-NTB/2016